Southville International School and Colleges
Your cart is empty.
  • Cart
  • Lists
    Public lists Eva Luna New books Lux_list list_1
    Your lists Log in to create your own lists
  • Log in to your account
  • Your cookies
  • Search history
Southville International School and Colleges
  • Advanced search
  • Recent comments
  • Most popular
  • Libraries

Log in to your account

Log in with GOOGLE


If you do not have an external account, but do have a local account, you can still log in:

  1. Home
  2. MARC view: Forming the Filipino conscience /
Normal view MARC view ISBD view

Forming the Filipino conscience / (Record no. 345453)

[ view plain ]
MARC details
000 -LEADER
fixed length control field 00786nam a2200301Ia 4500
008 - FIXED-LENGTH DATA ELEMENTS--GENERAL INFORMATION
fixed length control field 171120s9999 xx 000 0 und d
020 ## - INTERNATIONAL STANDARD BOOK NUMBER
International Standard Book Number 9715692664
050 ## - LIBRARY OF CONGRESS CALL NUMBER
Classification number 291.1
050 ## - LIBRARY OF CONGRESS CALL NUMBER
Item number G672 1997
100 ## - MAIN ENTRY--PERSONAL NAME
Personal name Gorospe, Vitaliano
245 ## - TITLE STATEMENT
Title Forming the Filipino conscience /
245 ## - TITLE STATEMENT
Statement of responsibility, etc by Vitaliano Gorospe.
250 ## - EDITION STATEMENT
Edition statement Second edition
260 ## - PUBLICATION, DISTRIBUTION, ETC. (IMPRINT)
Place of publication, distribution, etc Makati City :
260 ## - PUBLICATION, DISTRIBUTION, ETC. (IMPRINT)
Name of publisher, distributor, etc Bookmark,
260 ## - PUBLICATION, DISTRIBUTION, ETC. (IMPRINT)
Date of publication, distribution, etc 1997
300 ## - PHYSICAL DESCRIPTION
Extent 299 pages :
300 ## - PHYSICAL DESCRIPTION
Other physical details illustrations ;
300 ## - PHYSICAL DESCRIPTION
Dimensions 25cm.
500 ## - GENERAL NOTE
General note Includes bibliography.
650 ## - SUBJECT ADDED ENTRY--TOPICAL TERM
Topical term or geographic name as entry element Christian sociology --
650 ## - SUBJECT ADDED ENTRY--TOPICAL TERM
Topical term or geographic name as entry element Church and social problems --
650 ## - SUBJECT ADDED ENTRY--TOPICAL TERM
Topical term or geographic name as entry element Social justice --
650 ## - SUBJECT ADDED ENTRY--TOPICAL TERM
General subdivision Philippines -- Catholic church.
650 ## - SUBJECT ADDED ENTRY--TOPICAL TERM
General subdivision Philippines.
650 ## - SUBJECT ADDED ENTRY--TOPICAL TERM
General subdivision Philippines.
700 ## - ADDED ENTRY--PERSONAL NAME
Personal name Title.
Holdings
Withdrawn status Lost status Damaged status Home library Current library Date acquired Total Checkouts Full call number Barcode Date last seen Price effective from Koha item type
      Stonyhurst Southville International School (Malarayat) Stonyhurst Southville International School (Malarayat) 11/20/2017   REL 291.1 G672 1997 SSISM4497 11/20/2017 11/20/2017 Books

Forming the Filipino conscience /

APA

Gorospe V., Title, .Forming the Filipino conscience. Makati City: .

Chicago

Gorospe Vitaliano, Title, .Forming the Filipino conscience. Makati City: .

Harvard

Gorospe V., Title, .Forming the Filipino conscience. Makati City: .

MLA

Gorospe Vitaliano, Title, .Makati City: . .

  • Place hold
  • Print
  • Cite
  • Add to your cart (remove)
  • Save record
    BIBTEX Dublin Core MARCXML MARC (non-Unicode/MARC-8) MARC (Unicode/UTF-8) MARC (Unicode/UTF-8, Standard) MODS (XML) RIS
  • More searches
    Search for this title in:
    Other Libraries (WorldCat) Other Databases (Google Scholar) Online Stores (Bookfinder.com) Open Library (openlibrary.org)

Exporting to Dublin Core...

SOUTHVILLE LIBRARY

Southville International School and Colleges Library

1281 Tropical Ave. Cor. Luxembourg St., BF Homes International, Las Pinas City

Tel. No. 8256374 / 252358 Loc. 117/146

Powered by Koha